Logo CIB grande

C + + : how to program (Registro nro. 237594)

Detalles MARC
000 -LEADER
campo de control de longitud fija 00622nam a2200229Ia 4500
005 - FECHA Y HORA DE LA ÚLTIMA TRANSACCIÓN
campo de control 20250425162837.0
008 - DATOS DE LONGITUD FIJA--INFORMACIÓN GENERAL
campo de control de longitud fija 250425s9999 xx 000 0 und d
020 ## - NÚMERO INTERNACIONAL ESTÁNDAR DEL LIBRO
Número Internacional Estándar del Libro 9780134448237
041 ## - CÓDIGO DE IDIOMA
Código de lengua del texto/banda sonora o título independiente eng
082 ## - NÚMERO DE LA CLASIFICACIÓN DECIMAL DEWEY
Número de clasificación 005.13
Iniciales del Autor DEI
010 ## - NÚMERO DE CONTROL DE LA BIBLIOTECA DEL CONGRESO
Número de control de LC 112501
100 ## - ENTRADA PRINCIPAL--NOMBRE DE PERSONA
Nombre de persona Deitel, Harvey M.
245 #0 - MENCIÓN DEL TÍTULO
Título C + + : how to program
Mención de responsabilidad, etc. Paul Deitel y Harvey Deitel
250 ## - MENCION DE EDICION
Mención de edición Tent edition
260 ## - PUBLICACIÓN, DISTRIBUCIÓN, ETC.
Lugar de publicación, distribución, etc. Hoboken, New Yersey
Nombre del editor, distribuidor, etc. Pearson
Fecha de publicación, distribución, etc. 2017
300 ## - DESCRIPCIÓN FÍSICA
Extensión 1034 páginas
Dimensiones 23.5 cm.
500 ## - NOTA GENERAL
Nota general Incluye índice
650 ## - PUNTO DE ACCESO ADICIONAL DE MATERIA--TÉRMINO DE MATERIA
Término de materia o nombre geográfico como elemento de entrada C (Computer program language)
700 ## - ENTRADA AGREGADA--NOMBRE PERSONAL
Nombre de persona Deitel, Harvey
902 ## - ELEMENTOS DE DATOS B LOCAL, LDB (RLIN)
a Libro
c Impreso
942 ## - ELEMENTOS DE ENTRADA SECUNDARIOS (KOHA)
Tipo de ítem Koha Libros
Existencias
Estatus retirado Estado de pérdida Estado de daño No para préstamo Biblioteca de origen Biblioteca actual Fecha de adquisición Coste, precio normal de compra Etiqueta RFID Total de préstamos Código de barras Copia número Tipo de ítem Koha Nota pública
        CENTRO DE INFORMACIÓN BIBLIOTECARIA CENTRO DE INFORMACIÓN BIBLIOTECARIA 18/10/2022 288.00 0000000000000000035917   80816 1 Libros Compra / CLADELI

Copyright 2025 ESPOL. Todos los derechos reservados.